Biopsicología (Registro nro. 29861)

Detalles MARC
000 -CABECERA
Longitud fija campo de control 01292nam a2200241 a 4500
003 - • IDENTIFICADOR DELl NÚMERO DE CONTROL
Identificador del número de control CO-ViMGA
008 - • CÓDIGOS DE INFORMACIÓN DE LONGITUD FIJA
Códigos de información de longitud fija 141112s2004 ck r 000 u spa d
020 ## - • NÚMERO INTERNACIONAL NORMALIZADO PARA LIBROS
Número Internacional Normalizado para Libros (ISBN) 8420529893
040 ## - FUENTE DE LA CATALOGACIÓN
Centro catalogador de origen CO-ViMGA
Lengua de catalogación spa
Centro transcriptor CO-ViMGA
082 04 - • NÚMERO DE LA CLASIFICACIÓN DECIMAL DEWEY
Número de clasificación (R) 152 P453b
100 1# - • PUNTO DE ACCESO PRINCIPAL-NOMBRE DE PERSONA
Nombre de persona Pinel, Jhon P.J.
245 10 - • TITULO PROPIAMENTE DICHO
Título Biopsicología
250 ## - • MENCIÓN DE EDICIÓN
Mención de edición 4
300 ## - • DESCRIPCIÓN FÍSICA
Extensión 664
505 ## - • NOTA DE CONTENIDO CON FORMATO
Nota de contenido con formato La biopsicología como neurociencia Cuáles son las divisiones de la biopsicología 10 - - Evolución, genética y experiencia Fundamentos de genética 25 - - Antomía del sistema nervioso Tecnicas y orientaciones neuroanátomicas 58 - - Metodos de estudio del sistema nervioso Pruebas neuropsicológicas 144 - - Mecanismo de la percepción, la conciencia y la atención 217 - - El sistema sensoriomotor Corteza de asociación sensoriomotora 258 - - Hormonas y sexo El hipotálamo y el comportamiento sexual 350 - - Memoria y amnesia Efectos amnesicos de la lobectomía temporal medial bilateral 432
590 ## - NOTAS LOCALES
Nota local Forma de adquisición : Compra fact. 0855 - - Precio : 110000 - - Proveedor : Temas y libros - - Fecha de adquisición : Mayo 2007
650 14 - • PUNTO DE ACCESO ADICIONAL DE MATERIA - TÉRMINO DE MATERIA
Término de materia o nombre geográfico como elemento inicial CONDUCTA (PSICOLOGIA)
650 14 - • PUNTO DE ACCESO ADICIONAL DE MATERIA - TÉRMINO DE MATERIA
Término de materia o nombre geográfico como elemento inicial PSICOBIOLOGIA
650 14 - • PUNTO DE ACCESO ADICIONAL DE MATERIA - TÉRMINO DE MATERIA
Término de materia o nombre geográfico como elemento inicial PSICOLOGIA
942 ## - ENTRADA DE ELEMENTOS AGREGADOS (KOHA)
Fuente de clasificaión o esquema Dewey Decimal Classification
Koha [por defecto] tipo de item LIbro
Existencias
Perdido Fuente de clasificación o esquema Estado Físico No para préstamo Forma de adquisición Localización permanente Localización actual Fecha adquisición Serie de enumeración / cronolog&íacute;a Préstamos totales Renovaciones totales Signatura completa Código de barras Fecha última consulta Fecha último préstamo Número de copia Fecha del precio de reemplazo Tipo de item de Koha
  Dewey Decimal Classification     Sala Especializada Tercer Piso Biblioteca Pública Germán Arciniegas - Villavicencio Biblioteca Pública Germán Arciniegas - Villavicencio 12/04/2015 Volumen. 1 | 11/jun/2009 1 1 152 P453b 21222 05/07/2019 04/20/2016 Ej. 1 12/04/2015 LIbro









Instituto Departamental de Cultura del Meta - Red Departamental de Bibliotecas Públicas del Meta.